Normal view
MARC view
- Jeffery M
Entry Personal Name
001 - CONTROL NUMBER
- control field: 175228
003 - CONTROL NUMBER IDENTIFIER
- control field: OSt
005 - DATE AND TIME OF LATEST TRANSACTION
- control field: 20230313131107.0
008 - FIXED-LENGTH DATA ELEMENTS
- fixed length control field: 230313|| aca||aabn | a|a d
040 ## - CATALOGING SOURCE
- Original cataloging agency: OSt
- Transcribing agency: OSt
100 ## - HEADING--PERSONAL NAME
- Personal name: Jeffery M
670 ## - SOURCE DATA FOUND
- Source citation: Work cat.: (OSt)134585: Jeffery M., Data-Driven Marketing:, 2010